000 01101nam a2200337Ia 4500
003 OSt
005 20221007123518.0
006 a|||||r|||| 00| 0
007 ta
008 221006b |||||||| |||| 00| 0 eng d
020 _a8120318404 (pbk)
_c250.00
024 _a13429
037 _b789, 08/02/2005, Unilib Book Distributors
_cTextual
040 _aPAPL
_cPAPL
_beng
041 _2eng
_aeng
082 _aD65, L9;P0;4-;5 Carpa
100 _aStreetman Ben G
_9471349
245 0 _aSolid state electronic devices
_b Banerjee Sanjay
250 _a5
260 _aNew
_bJersey Prentice-Hall Inc.
_c2000
300 _axviii, 558p.
_ccm.
500 _aAppendix I-IX, 519-541p.; Index 543-558p.
650 _a Devices
650 _a Electronic Devices
650 _a Semiconductors
_9468426
650 _a Solid State theory
_9717323
650 _aComputer Science
700 _a Banerjee Sanjay
942 _hD65, L9;P0;4-;5 Carpa
_cTEXL
_2CC
999 _c1212021
_d1212021